| 000 | 00770cam a2200265I 4500 | ||
|---|---|---|---|
| 001 | 37767 | ||
| 005 | 20230410130730.0 | ||
| 008 | 750709s1967 ve h b 000 0 spa c | ||
| 010 | _a 68138654 | ||
| 035 | _a(OCoLC)ocm01439240 | ||
| 040 |
_aIRU _cIRU _dOCLCQ |
||
| 035 | _a(OCoLC)1439240 | ||
| 043 | _as-ve--- | ||
| 050 | 1 | 4 |
_aPN 5104 _bR237h 1967 |
| 049 | _aGRAL | ||
| 100 | 1 | _aRatto Ciarlo, José. | |
| 245 | 1 | 0 |
_aHistoria caraqueña del periodismo venezolano / _cJosé Ratto Ciarlo. |
| 260 |
_aCaracas : _bEditorial Arte, _c1967 |
||
| 300 |
_a348 p. _bfacsims. _c27 cm. |
||
| 490 | 0 | _aEdiciones del cuatricentenario de Caracas | |
| 504 | _aBibliography: p. [313]-319. | ||
| 650 | 0 |
_aPress _zVenezuela _zCaracas. |
|
| 942 |
_2lcc _cbk |
||
| 994 |
_aC0 _bDRFGD |
||
| 999 |
_c79427 _d79427 |
||